01334nam a2200277 i 4500001000700000003000900007005001700016008004100033080002500074100004900099245015000148250002000298260005000318300002700368490003700395490003700432504004500469505020800514546005100722700003200773830004500805830004500850852002100895999001900916952012100935183273ES-MaACL20250808062832.0140205s1946 sp |||| | spa d a081 Agustín, Santo0 aAgustín cSanto, Obispo de Hipona.912556310aObras de San Agustín en edición bilingüe publicados bajo la dirección [de] Félix García. nT.I / cpreparado por Victoriano García. aEd. bilingüe. aMadrid : b[La Editorial Católica], c1946. aXVI, 782 p. ; c20 cm.1 aBiblioteca de autores cristianos1 aB.A.C. Sección VI, Filosofía aBibliografía: p. [277]-327. Índices.8 aContiene: Introducción general, Bibliografía, Vida de San Agustín, escrita por San Posidio, Introducción a los diálogos, "Los soliloquios", El libro "De la vida feliz" y los libros "Del orden" aTexto en latín y traducción en castellano.1 aCapanaga, Victorino.93477600aBiblioteca de autores cristianos91786790 aB.A.C. Sección VI, Filosofía9191901 aES-MaACLjE-4190 c183273d183273 00104070aATENEOMbATENEOMcDEPO2d2014-02-05eSCl0oE-4190p1192619r2023-02-23 00:00:00w2023-02-23yMONOGRAFIA